| 000 | 01424cam a22002897a 4500 | ||
|---|---|---|---|
| 001 | STB031829 | ||
| 003 | PILC | ||
| 005 | 20150529145504.0 | ||
| 008 | 081009s2010 caua 001 0 eng | ||
| 010 | _a2008939231 | ||
| 020 | _a9780538498647 | ||
| 035 | _a(OCoLC)ocn319729593 | ||
| 040 |
_aAU@ _beng _cAU@ _dYDXCP _dNUI _dUBA _dSGB _dNJB _dBTCTA _dY6I _dIBI _dDLC |
||
| 042 | _alccopycat | ||
| 050 | 0 | 0 |
_aQA 303.2 _b.L335 2012 |
| 100 | 1 |
_aLarson, Ron, _d1941- |
|
| 245 | 1 | 0 |
_aCalculus / _cRon Larson, Bruce H. Edwards. |
| 250 | _aPhilippines ed. | ||
| 260 |
_aSingapore : _bCengage Learning, _c2012. |
||
| 300 |
_a1198 pages : _billustrations ; _c28 cm. |
||
| 500 | _aPrevious ed.: 2006. | ||
| 500 | _aIncludes index. | ||
| 505 | 0 | _aPreparation for calculus -- Limits and their properties -- Differentiation -- Applications of differentiation -- Integration -- Logarithmic, exponential, and other transcendental functions -- Differential equations -- Applications of integration -- Integration techniques, L'Hopital's rule, and improper integrals -- Infinite series -- Conics, parametric equations, and polar coordinates -- Vectors and the geometry of space -- Vector-valued functions -- Functions of several variables -- Multiple integration -- Vector analysis -- Appendices. Proofs of selected theorems -- Integration tables. | |
| 650 | 0 | _aCalculus. | |
| 700 | 1 |
_aEdwards, Bruce H., _d1946- |
|
| 942 |
_2lcc _cBK _kLOC |
||
| 999 |
_c284513 _d284513 |
||